000 00354nam a2200133Ia 4500
008 240624s9999 xx 000 0 und d
041 _aeng
082 _a332.6327 BOG
100 _aBOGLE JOHN C
245 _aBOGLE ON MUTUAL FUNDS NEW PERSPECTIVES F
260 _c2016
_aNew Delhi
_bWiley
300 _axxxviii, : 320 : p. : cm. ; 22
365 _cRS
_b27.5
999 _c27863
_d27863